000 00724nam a2200205Ii 4500
003 JO-AjNU
008 230605s9999||||xx |||||||||||||| ||und||
017 _a1975/4653
040 _aJO-AjNU
_bara
_erda
_cJO-AjNU
041 _aara
050 1 4 _aPJ7860.A52.F37 1975
100 3 _aتأليف رشدي،رشاد,
_eauthor
_913162
245 0 0 _aمسرح رشاد رشدي: القراشة ؛ لعبة الحب
264 3 1 _aالقاهرة:الهيئة المصرية العامة للكتاب،1975
300 _a263ص
336 _atext
_btxt
_2rdacontent
337 _aunmediated
_bn
_2rdamedia
338 _avolume
_bnc
_2rdacarrier
650 4 _a المسرحيات العربية مصر - القرن العشرين
_913163
999 _aA3203
_c6771
_d6771